Statistics for History by Letter - X

Click here to take the quiz!

General Stats

  • This quiz has been taken 3,333 times
  • The average score is 7 of 20

Answer Stats

HintAnswer% Correct
Game console released in 2001X-Box
87%
Noble gas used in the first lasersxenon
79%
Great king of Persia after DariusXerxes
77%
Röntgen won the first Nobel in Physics for detecting themx-rays
71%
Company that invented photocopiersXerox
69%
16th century abbreviation wrongly thought to be a secular attack on ChristmasXmas
64%
Musical instrument invented in SE Asiaxylophone
61%
1/4 of the great ancient capitals of ChinaXi'an
54%
Kublai Khan's summer capitalXanadu
45%
Birthplace and name of St Francis, apostle of the IndiesXavier
33%
Failed NFL spinoff of 2001XFL
33%
Large historically Muslim Chinese regionXinjiang
15%
Treaty port city of ChinaXiamen
14%
Dictator of the Galactic Confederacy c. 75,000,000 years agoXenu
13%
Ancient Greek concept of hospitalityXenia
8%
Alternate spelling of the Greek god of deathXanatos
7%
Longest-running military action in African colonial historyXhosa Wars
7%
Brazilian river and oldest settlementXingu
5%
City in Mozambique formerly João BeloXai-Xai
3%
Majorcan Jews forced to convert to ChristianityXuetes
3%

Score Distribution

Percentile by Number Answered

Percent of People with Each Score

Your Score History

You have not taken this quiz